<?xml version='1.0' encoding='UTF-8'?>
  <record xmlns="http://www.loc.gov/MARC21/slim">
    <leader>00000cem a2200000 i 4500</leader>
    <controlfield tag="001">on1100468324</controlfield>
    <controlfield tag="003">OCoLC</controlfield>
    <controlfield tag="005">20240717080151.4</controlfield>
    <controlfield tag="008">190508s1832    gw        e     0   ger d</controlfield>
    <datafield tag="040" ind1=" " ind2=" ">
      <subfield code="a">QGJ</subfield>
      <subfield code="b">dut</subfield>
      <subfield code="e">rda</subfield>
      <subfield code="c">QGJ</subfield>
      <subfield code="d">OCLCQ</subfield>
      <subfield code="d">OCLCA</subfield>
      <subfield code="d">OCLCL</subfield>
      <subfield code="d">OCLCQ</subfield>
    </datafield>
    <datafield tag="035" ind1=" " ind2=" ">
      <subfield code="a">(OCoLC)1100468324</subfield>
    </datafield>
    <datafield tag="043" ind1=" " ind2=" ">
      <subfield code="a">e-gx---</subfield>
    </datafield>
    <datafield tag="084" ind1=" " ind2=" ">
      <subfield code="a">74.13</subfield>
      <subfield code="2">bcl</subfield>
    </datafield>
    <datafield tag="100" ind1="1" ind2=" ">
      <subfield code="a">Stein, Christian Gottlieb Daniel,</subfield>
      <subfield code="d">1771-1830.</subfield>
      <subfield code="1">https://id.oclc.org/worldcat/entity/E39PBJh4w7f737RxmfYXT4jt8C</subfield>
    </datafield>
    <datafield tag="245" ind1="1" ind2="0">
      <subfield code="a">Neuer Atlas der ganzen Erde nach den neuesten Bestimmungen für Zeitlungsleser, Kauf- und Geschäftsleute jeder Art, Gymnasien und Schulen, mit besonderer Rücksicht auf die geographischen Werke /</subfield>
      <subfield code="c">von Dr. C.G.D. Stein ... ; in 24 Charten grösstentheils neu entworfen und gezeichnet von D.F.W. Streit ... und gestochen von H. Leutemann, nebst 7 neuen historischen, geographischen und statistischen Tabellen und Uebersichten.</subfield>
    </datafield>
    <datafield tag="250" ind1=" " ind2=" ">
      <subfield code="a">Eilfte vermehrte und verbesserte Auflage.</subfield>
    </datafield>
    <datafield tag="264" ind1=" " ind2="1">
      <subfield code="a">Leipzig :</subfield>
      <subfield code="b">Verlagseigenthum der J.C. Hinrichssen Buch- und Landchartenhandlung,</subfield>
      <subfield code="c">1832</subfield>
    </datafield>
    <datafield tag="300" ind1=" " ind2=" ">
      <subfield code="a">1 atlas (24 kaarten + 7 tabellen) :</subfield>
      <subfield code="b">kopergravure, in kleur ;</subfield>
      <subfield code="c">43 cm</subfield>
    </datafield>
    <datafield tag="336" ind1=" " ind2=" ">
      <subfield code="a">tekst</subfield>
      <subfield code="b">txt</subfield>
      <subfield code="2">rdacontent/dut</subfield>
    </datafield>
    <datafield tag="337" ind1=" " ind2=" ">
      <subfield code="a">zonder medium</subfield>
      <subfield code="b">n</subfield>
      <subfield code="2">rdamedia/dut</subfield>
    </datafield>
    <datafield tag="338" ind1=" " ind2=" ">
      <subfield code="a">vel</subfield>
      <subfield code="b">nb</subfield>
      <subfield code="2">rdacarrier/dut</subfield>
    </datafield>
    <datafield tag="500" ind1=" " ind2=" ">
      <subfield code="a">Afmeting kaarten: ca. 40 x 49 cm.</subfield>
    </datafield>
    <datafield tag="505" ind1="0" ind2=" ">
      <subfield code="a">I. Oestliche und Westliche Halbkugel der Erde. II. Europa. III. Asien. IV. Afrika. V. Nord-Amerika und West-Indien. VI. Südamerika. VII. Australien. VIII. Die Pyrenäische Halbinsel oder Spanien und Portugal. IX. Frankreich. X. Die Königreiche der Niederlande und Belgien. XI. Die Britischen Inseln. XII. Schweden, Norwegen und Daenemark. XIII. Der Daenische Staat und die Gebiete der freien Städte Hamburg und Lübeck. XIV. Gebirgs- und Gewaesser-Charte von Teutschland, oder der Teutsche Staaten-Bund. XV. Charte von dem Oesterreichischen Kaiserthume. XVI. Charte von Preussischen Staate, Gebirgs- und Fluss-Charte des nördlichen Teutschlands. XVII. Die Königreiche Baiern u. Würtemberg, das Grossherzogthum Baden und die Fürstl. Hohenzollernschen Laender. XVIII. Das Koenigreich Sachsen. XIX. Reise- und Höhen-Charte der Schweiz. XX. Italien. XXI. Das Königreich Polen und der Freistaat Krakau. XXII. Charte von dem Europaeisch-Russischen Reiche. XXIII. Griechenland, die Jonischen Inseln und das Osmanische Reich in Europa. XXIV. Charte von dem Nordamericanischen Staatenbunde.</subfield>
    </datafield>
    <datafield tag="650" ind1=" " ind2="0">
      <subfield code="a">Atlases</subfield>
      <subfield code="z">Germany.</subfield>
    </datafield>
    <datafield tag="650" ind1=" " ind2="7">
      <subfield code="a">Wereldgeschiedenis</subfield>
      <subfield code="0">(NL-LeOCL)078957389</subfield>
      <subfield code="2">gtt</subfield>
    </datafield>
    <datafield tag="650" ind1=" " ind2="7">
      <subfield code="a">Historische atlassen</subfield>
      <subfield code="0">(NL-LeOCL)255965435</subfield>
      <subfield code="2">gtt</subfield>
    </datafield>
    <datafield tag="655" ind1=" " ind2="7">
      <subfield code="a">Atlases.</subfield>
      <subfield code="2">fast</subfield>
      <subfield code="0">(OCoLC)fst01423875</subfield>
    </datafield>
    <datafield tag="655" ind1=" " ind2="7">
      <subfield code="a">Atlassen (vorm)</subfield>
      <subfield code="0">(NL-LeOCL)088141551</subfield>
      <subfield code="2">gtt</subfield>
    </datafield>
    <datafield tag="700" ind1="1" ind2=" ">
      <subfield code="a">Streit, Friedrich Wilhelm,</subfield>
      <subfield code="d">1772-1839.</subfield>
      <subfield code="1">https://id.oclc.org/worldcat/entity/E39PBJtrVPDdKgMK3XwfKKCqQq</subfield>
    </datafield>
    <datafield tag="700" ind1="1" ind2=" ">
      <subfield code="a">Leutemann, Heinrich,</subfield>
      <subfield code="c">graveur,</subfield>
      <subfield code="d">1833 fl.</subfield>
      <subfield code="1">https://id.oclc.org/worldcat/entity/E39PCjqW3bhB3B4vddw94TtCpK</subfield>
    </datafield>
  </record>